De lo espiritual en el arte y la pintura en particular / (Record no. 86399)
[ view plain ]
| 000 -LEADER | |
|---|---|
| campo de control de longitud fija | 00709nam a2200205 i 4500 |
| 001 - NÚMERO DE CONTROL | |
| campo de control | 86399 |
| 003 - IDENTIFICADOR DE NÚMERO DE CONTROL | |
| campo de control | ES-MaACL |
| 005 - FECHA Y HORA DE LA ÚLTIMA TRANSACCIÓN | |
| campo de control | 20230906175435.0 |
| 007 - CAMPO FIJO DE DESCRIPCIÓN FÍSICA--INFORMACIÓN GENERAL | |
| campo de control de longitud fija | t| |
| 008 - DATOS DE LONGITUD FIJA--INFORMACIÓN GENERAL | |
| campo de control de longitud fija | 041210s1957 ag ||||1| spa d |
| 100 1# - ENTRADA PRINCIPAL--NOMBRE DE PERSONA | |
| Nombre de persona | Kandinsky, Wassily ( |
| Fechas asociadas al nombre | 1866-1944) |
| 9 (RLIN) | 67484 |
| 245 10 - MENCIÓN DEL TÍTULO | |
| Título | De lo espiritual en el arte y la pintura en particular / |
| Mención de responsabilidad, etc. | Wassily Kandinsky ; [traducción del francés por Edgar Bayley]. |
| 260 ## - PUBLICACIÓN, DISTRIBUCIÓN, ETC. | |
| Lugar de publicación, distribución, etc. | [Buenos Aires] : |
| Nombre del editor, distribuidor, etc. | Galatea Nueva Visión, |
| Fecha de publicación, distribución, etc. | [1957] ( |
| Fabricante | La Impresora SAGL) |
| 300 ## - DESCRIPCIÓN FÍSICA | |
| Extensión | 105 p. ; |
| Dimensiones | 20 cm. |
| 490 1# - MENCIÓN DE SERIE | |
| Mención de serie | Ideas de nuestro tiempo |
| 700 1# - ENTRADA AGREGADA--NOMBRE PERSONAL | |
| Nombre de persona | Bayley, Edgar. |
| 9 (RLIN) | 26675 |
| 830 0# - PUNTO DE ACCESO ADICIONAL DE SERIE-TÍTULO UNIFORME | |
| Título uniforme | Ideas de nuestro tiempo |
| 9 (RLIN) | 184000 |
| 852 ## - LOCALIZACIÓN | |
| Ubicación | ES-MaACL |
| Número de control de estantería | C-16593 |
| Sublocalización o colección | R.44654 |
| Estatus retirado | Estado de pérdida | Estado de daño | No para préstamo | Biblioteca de origen | Biblioteca actual | Ubicación en estantería | Fecha de adquisición | Fuente de adquisición | Total de préstamos | Signatura topográfica completa | Código de barras | Visto por última vez | Precio de reemplazo | Tipo de ítem Koha |
|---|---|---|---|---|---|---|---|---|---|---|---|---|---|---|
| Biblioteca del Ateneo de Madrid | Biblioteca del Ateneo de Madrid | Galería | 17/01/2008 | C-16593 | 1090269 | 23/02/2023 | 23/02/2023 | Libro impreso |
